1452 1981 1551 1881 1510 1923 1596 1238 1021 1877 1460 1678 1243 1810 1079 1289 1863 1695 1437 1909 1699 1381 1908 1152 1240 1354 1384 1849 1577 1211 1841 1187 1769 1116 1459 1154 1857 1452 1155 1694 1633 1095 1079 1644 1602 1313 1354 1145 1383 1329 1286 2000 1018 1908 1056 1569 1650 1706 1609 1387 1204 1653 1200 1682 1058 1426 1494 1489 1878 1686 1999 1623 1920 1378 1679 1739 1465 1442 1189 1249 1135 1593 1100 1142 1479 1912 1083 1125 1863 1532 1269 1425 1663 1399 1991 1099 1323 1755 1775 BCNSPRNW ULIB Ver.6.0+V

เปลี่ยนเป็นภาษาไทย

Change to English
 แสดงรายละเอียดบรรณานุกรม
  กลับหน้าหลัก

Brief Record : Get Marc (ISO 2709) : E-mail record : QR code < ปิดหน้าต่าง
LEADER : 00000nam 2200000uu 4500
001    13399128756
003     ULIB
008    240828s2566||||th 000 0 tha d
020 ^- ^a9786162717178
060 ^- ^aWS205^bก241
245 ^- ^aกุมารเวชศาสตร์ฉุกเฉิน =Pediatric emergency
260 ^- ^aสงขลา :^bคณะแพทยศาสตร์ มหาวิทยาลัยสงขลานครินทร์,^c2566
300 ^- ^a522 หน้า
505 ^- ^aการคัดแยกผู้ป่วยเด็ก ณ แผนกฉุกเฉิน -- ทักษะการสือสารในภาวะฉุกเฉิน -- การกู้ชีพในเด็ก -- การกู้ชีพทารกแรกเกิด -- การบาดเจ็บจากการคลอด -- ภาวะขาดออกซิเจนตั้งแต่แรกเกิดและภาวะสมองขาดออกซิเจน/ขาดเลือด -- ภาวะชักในกาทารกแรกเกิด -- ภาวะหายใจลำบากในารกแรกเกิด -- ภาวะการติดเชื้อในกระแสเลือดในทารกแรกเกิด -- ภาวะช็อคในทารกแรกเกิด -- ภาวะลำไส้เน่า -- ภาวะหัวใจวาย -- ภาวะหัวใจเต้นผิดจังหวะ -- ภาวะหมดสติจากโรคหัวใจพิการแต่กำเนิดชนิดเขียว -- ภาวะหายใจล้มเหลวเฉียบพลัน -- ภาวะจมน้ำ -- ภาวะหืดเฉียบพลัน -- ภาวะอุดกั้นทางเดินหายใจส่วนบนเฉียบพลัน -- ภาวะเลือดออกในปอด -- ภาวะช็อค -- ภาวะช็อคจากไข้เลือดออก
650 ^- ^aกุมารเวชศาสตร์
700 ^- ^aพรพรรณ ศรีพรสวรรค์,บรรณาธิการ
945    ^p880^l0^i010692
945    ^p880^l0^i010693
945    ^p880^l0^i010694
945    ^p880^l0^i010695
999    ^aประนอม เกษจรัล
รายการนี้ยังไม่มีแท็ก
คุณยังไม่ได้ล็อกอิน คุณสามารถมีกิจกรรมร่วมกับเว็บไซต์ได้ แต่ต้องล็อกอินก่อน ::
  ล็อกอิน

รายการสื่อสารสนเทศ

ลำดับที่ ประเภท เลขเรียก/บาร์โค้ด สถานที่ สถานะ
1. วิทยาศาสตร์การแพทย์ และสุขภาพ
หนังสือสำรอง
สถานะ=หนังสือสำรอง
WS205 ก241 ฉ.1 
  Barcode: 010692
ห้องสมุดวิทยาเขตสวรรค์ประชารักษ์
►หนังสือทั่วไป
ถูกยืม กำหนดส่งวันที่ 6 กุมภาพันธ์ 2569
  จอง
2. วิทยาศาสตร์การแพทย์ และสุขภาพ
วิทยาศาสตร์การแพทย์ และสุขภาพ
WS205 ก241 ฉ.2 
  Barcode: 010693
ห้องสมุดวิทยาเขตสวรรค์ประชารักษ์
►หนังสือทั่วไป
บนชั้น
3. วิทยาศาสตร์การแพทย์ และสุขภาพ
วิทยาศาสตร์การแพทย์ และสุขภาพ
WS205 ก241 ฉ.3 
  Barcode: 010694
ห้องสมุดวิทยาเขตสวรรค์ประชารักษ์
►หนังสือทั่วไป
ถูกยืม กำหนดส่งวันที่ 30 มีนาคม 2568
  จอง
4. วิทยาศาสตร์การแพทย์ และสุขภาพ
วิทยาศาสตร์การแพทย์ และสุขภาพ
WS205 ก241 ฉ.4 
  Barcode: 010695
ห้องสมุดวิทยาเขตสวรรค์ประชารักษ์
►หนังสือทั่วไป
บนชั้น

รายการใกล้เคียง
    หัวเรื่อง [กุมารเวชศาสตร์]

BibComment


ยังไม่เคยถูกคอมเมนท์

คอมเมนท์ทรัพยากรรายการนี้
  คอมเมนท์: กุมารเวชศาสตร์ฉุ..


 Copyright 2026. Bcnsprnw @Library